Half ovulo embryo culture - An ideal method for raising true-to-type seedlings in Hevea brasiliensis (Record no. 60213)

MARC details
000 -LEADER
fixed length control field 00614nam a2200169Ia 4500
100 ## - MAIN ENTRY--AUTHOR NAME
Personal name Rekha K
245 #0 - TITLE STATEMENT
Title Half ovulo embryo culture - An ideal method for raising true-to-type seedlings in Hevea brasiliensis
260 ## - PUBLICATION, DISTRIBUTION, ETC. (IMPRINT)
Name of publisher IRC 2012. International Rubber Conference, 28-31 October 2012, Kovalam, India, Rubber Research Institute of India, Kottayam and IRRDB, Malaysia: Abstracts. pp.89-90.
700 ## - ADDED ENTRY--PERSONAL NAME
Personal name Jayashree R
700 ## - ADDED ENTRY--PERSONAL NAME
Personal name Lincy V
700 ## - ADDED ENTRY--PERSONAL NAME
Personal name Saha
700 ## - ADDED ENTRY--PERSONAL NAME
Personal name Sobha S
700 ## - ADDED ENTRY--PERSONAL NAME
Personal name Sushamakumari S
700 ## - ADDED ENTRY--PERSONAL NAME
Personal name Thulaseedharan A
942 ## - ADDED ENTRY ELEMENTS (KOHA)
Koha item type Journals
700 ## - ADDED ENTRY--PERSONAL NAME
--
Holdings
Withdrawn status Lost status Damaged status Not for loan Home library Current library Shelving location Date acquired Koha item type
      Journals RRII Library RRII Library Biotechnology 16/04/2013 Journals